[Event "North American-ch U20"]
[Site "Calgary CAN"]
[Date "2024.08.15"]
[Round "3.4"]
[White "De La Colina, Nicolas"]
[Black "Vettese, Nicholas"]
[Result "0-1"]
[WhiteElo "2170"]
[BlackElo "2333"]
[PlyCount "112"]
[GameId "2160767905784310"]
[EventDate "2024.08.14"]
[EventType "swiss"]
[EventRounds "9"]
[EventCountry "CAN"]
[SourceTitle "The Week in Chess 1554"]
[Source "Mark Crowther"]
[SourceDate "2024.08.19"]
[SourceVersion "2"]
[SourceVersionDate "2024.08.19"]
[SourceQuality "2"]

1. Nf3 Nf6 2. g3 d5 3. Bg2 e6 4. b3 Be7 5. Bb2 O-O 6. c4 a5 7. Nc3 c6 8. d4 b5 9. cxb5 cxb5 10. Nxb5 Bb4+ 11. Nc3 Ne4 12. Rc1 Qc7 13. Qc2 Bb7 14. Nd2 Nxc3 15. Bxc3 Rc8 16. Nb1 Ra6 17. Qb2 Rc6 18. Kd2 Qb6 19. e3 e5 20. a3 exd4 21. Bxb4 dxe3+ 22. fxe3 axb4 23. Rhe1 Nd7 24. Bh3 bxa3 25. Qxa3 d4 26. Rxc6 Qxc6 27. Qb2 Ra8 28. Bxd7 dxe3+ 29. Rxe3 Qxd7+ 30. Kc1 Qc6+ 31. Qc2 Qh1+ 32. Kb2 h6 33. h4 Qg1 34. Rc3 Qd4 35. Qd2 Qf6 36. Qf4 Qa6 37. Kc1 Re8 38. Re3 Qc6+ 39. Nc3 Qh1+ 40. Kb2 Qg2+ 41. Ka3 Ra8+ 42. Na4 Qc2 43. Re7 Bd5 44. Qe3 Bc6 45. Rc7 Qg6 46. Qe5 Re8 47. Qf4 Bxa4 48. bxa4 Qd3+ 49. Kb4 Re4+ 50. Qxe4 Qxe4+ 51. Kb5 Qd3+ 52. Rc4 Kf8 53. a5 Ke7 54. a6 Kd6 55. a7 Qd5+ 56. Kb6 Qxc4 0-1

[Event "North American-ch U20"]
[Site "Calgary CAN"]
[Date "2024.08.15"]
[Round "4.2"]
[White "Vettese, Nicholas"]
[Black "Zhang, Roger"]
[Result "1-0"]
[WhiteElo "2333"]
[BlackElo "2165"]
[PlyCount "167"]
[GameId "2160767905784314"]
[EventDate "2024.08.14"]
[EventType "swiss"]
[EventRounds "9"]
[EventCountry "CAN"]
[SourceTitle "The Week in Chess 1554"]
[Source "Mark Crowther"]
[SourceDate "2024.08.19"]
[SourceVersion "2"]
[SourceVersionDate "2024.08.19"]
[SourceQuality "2"]

1. c4 Nf6 2. Nc3 e6 3. Nf3 d5 4. d4 Bb4 5. Qa4+ Nc6 6. e3 O-O 7. Bd2 Bd7 8. Qc2 Re8 9. a3 Bf8 10. Bd3 Ne7 11. e4 dxe4 12. Nxe4 Nxe4 13. Bxe4 f5 14. Bd3 c5 15. O-O cxd4 16. Rfe1 Ng6 17. Nxd4 Bc5 18. Nb3 Bd6 19. c5 Bc7 20. Rad1 Bc6 21. Bc4 Qh4 22. g3 Qh3 23. Bf1 Qg4 24. Be2 Qh3 25. Bf1 Qg4 26. Nd4 Nh4 27. Nxc6 Nf3+ 28. Kg2 Nxe1+ 29. Rxe1 bxc6 30. Bc4 Qg6 31. Qa4 Qg4 32. h3 Qg6 33. Qxc6 Rad8 34. Bxe6+ Kf8 35. Bb4 a5 36. Bc3 Re7 37. Be5 Rxe6 38. Qxc7 Rde8 39. f4 h5 40. h4 Qf7 41. Qxf7+ Kxf7 42. Rc1 Rc6 43. b4 axb4 44. axb4 Ra6 45. Rc2 Rc8 46. Kh3 Ra3 47. Rb2 g6 48. b5 Rxc5 49. Bd6 Rcc3 50. Bxa3 Rxa3 51. b6 Ra8 52. b7 Rb8 53. Rb6 Ke8 54. Rxg6 Rxb7 55. Rg5 Rb5 56. Rxh5 Kf7 57. Rg5 Kf6 58. h5 Rb2 59. Rg6+ Kf7 60. Ra6 Rc2 61. h6 Rb2 62. Kh4 Rg2 63. h7 Kg7 64. Ra7+ Kh8 65. Ra5 Rh2+ 66. Kg5 Rh3 67. Ra3 Kxh7 68. Kxf5 Rh6 69. Ra7+ Kg8 70. g4 Rb6 71. g5 Rb5+ 72. Kg4 Rb4 73. g6 Rb1 74. f5 Rb2 75. f6 Rg2+ 76. Kf5 Rf2+ 77. Ke5 Re2+ 78. Kd6 Rd2+ 79. Ke7 Re2+ 80. Kd7 Rd2+ 81. Ke8 Re2+ 82. Re7 Rf2 83. f7+ Kh8 84. g7+ 1-0

[Event "North American-ch U20"]
[Site "Calgary CAN"]
[Date "2024.08.16"]
[Round "5.1"]
[White "Johnson, Donald"]
[Black "Vettese, Nicholas"]
[Result "1-0"]
[WhiteElo "2209"]
[BlackElo "2333"]
[PlyCount "87"]
[GameId "2160767905784319"]
[EventDate "2024.08.14"]
[EventType "swiss"]
[EventRounds "9"]
[EventCountry "CAN"]
[SourceTitle "The Week in Chess 1554"]
[Source "Mark Crowther"]
[SourceDate "2024.08.19"]
[SourceVersion "2"]
[SourceVersionDate "2024.08.19"]
[SourceQuality "2"]

1. e4 g6 2. d4 Bg7 3. Nc3 a6 4. h4 h5 5. Be3 b5 6. Qd2 d6 7. Nh3 Nc6 8. O-O-O Nf6 9. f3 Nd7 10. Kb1 Na5 11. Bg5 c5 12. Nd5 Nc6 13. e5 dxe5 14. dxe5 Bxe5 15. Bd3 Bb7 16. Rhe1 Nf6 17. Nxe7 Qxe7 18. f4 Qe6 19. fxe5 Nd5 20. Be4 Ncb4 21. Nf4 Nc3+ 22. Qxc3 Qxa2+ 23. Kc1 O-O 24. Bxb7 Qa4 25. Qb3 Qa1+ 26. Kd2 Qa5 27. Ke2 Rae8 28. Kf1 c4 29. Qa3 Qxa3 30. bxa3 Nxc2 31. Bh6 a5 32. Bxf8 Rxf8 33. Re2 Nxa3 34. Ra2 b4 35. Rc1 Rb8 36. Bd5 c3 37. Ne2 Rb5 38. Nxc3 Rc5 39. Rxa3 bxa3 40. Ke2 a2 41. Kd3 Kg7 42. Ra1 f6 43. e6 f5 44. e7 1-0

[Event "North American-ch U20"]
[Site "Calgary CAN"]
[Date "2024.08.16"]
[Round "6.6"]
[White "Vettese, Nicholas"]
[Black "Ho, Carter"]
[Result "1-0"]
[WhiteElo "2333"]
[BlackElo "2157"]
[PlyCount "89"]
[GameId "2160767905784330"]
[EventDate "2024.08.14"]
[EventType "swiss"]
[EventRounds "9"]
[EventCountry "CAN"]
[SourceTitle "The Week in Chess 1554"]
[Source "Mark Crowther"]
[SourceDate "2024.08.19"]
[SourceVersion "2"]
[SourceVersionDate "2024.08.19"]
[SourceQuality "2"]

1. c4 e5 2. d3 Nf6 3. Nf3 Nc6 4. a3 d5 5. cxd5 Nxd5 6. e3 Be7 7. b4 a6 8. Bb2 Bf6 9. Qc2 O-O 10. Nbd2 g6 11. h4 h5 12. Rc1 Bg7 13. Qb1 Re8 14. Qa1 Qe7 15. Be2 Nb6 16. Bd1 Bf5 17. Ne4 a5 18. b5 Na7 19. a4 Nd5 20. O-O Nb4 21. Ba3 Rad8 22. Rc3 Rxd3 23. Ng3 e4 24. Nd4 Bxd4 25. exd4 Bg4 26. Bxg4 hxg4 27. Re1 Rxc3 28. Qxc3 Nd5 29. Qb3 Qd7 30. Rxe4 Nf6 31. Rf4 Nd5 32. Re4 Nf6 33. Rxe8+ Qxe8 34. Qc3 Nd5 35. Qc5 Nf4 36. Kh2 Nc8 37. Qxc7 Nd3 38. d5 Nxf2 39. d6 Nb6 40. Qxb6 Nd3 41. Qd4 Ne5 42. Bb2 f6 43. Qd5+ Qf7 44. Qxf7+ Kxf7 45. Bxe5 1-0

[Event "North American-ch U20"]
[Site "Calgary CAN"]
[Date "2024.08.17"]
[Round "7.3"]
[White "Chen, Max"]
[Black "Vettese, Nicholas"]
[Result "1/2-1/2"]
[WhiteElo "2177"]
[BlackElo "2333"]
[PlyCount "124"]
[GameId "2160767905784333"]
[EventDate "2024.08.14"]
[EventType "swiss"]
[EventRounds "9"]
[EventCountry "CAN"]
[SourceTitle "The Week in Chess 1554"]
[Source "Mark Crowther"]
[SourceDate "2024.08.19"]
[SourceVersion "2"]
[SourceVersionDate "2024.08.19"]
[SourceQuality "2"]

1. e4 c5 2. c3 d6 3. d4 Nf6 4. Bd3 g6 5. h3 Bg7 6. Nf3 O-O 7. O-O Nc6 8. d5 Na5 9. Qe2 e6 10. dxe6 Bxe6 11. c4 a6 12. Nc3 b5 13. cxb5 axb5 14. Bxb5 Nb3 15. Rb1 Nd4 16. Nxd4 cxd4 17. Nd5 Nxd5 18. exd5 Bxd5 19. a3 Qb6 20. b4 Qb7 21. f3 Ba2 22. Qxa2 Qxb5 23. Rd1 Rfe8 24. Qb3 Re2 25. Qd3 Re1+ 26. Kf2 Qxd3 27. Rxd3 Rae8 28. b5 R8e2+ 29. Kg3 Rg1 30. f4 f5 31. Kf3 Rc2 32. b6 Rf1+ 33. Kg3 Rfxc1 34. Rxc1 Rxc1 35. Rb3 Rc8 36. a4 Kf7 37. b7 Rb8 38. a5 d3 39. a6 Bd4 40. Rxd3 Ba7 41. Rxd6 Ke7 42. Rd1 Rd8 43. Rc1 Kd7 44. Rd1+ Kc7 45. Rc1+ Kb8 46. Kh4 Be3 47. Rc8+ Rxc8 48. bxc8=R+ Kxc8 49. Kg5 Kd7 50. Kh6 Ke6 51. Kxh7 Kf6 52. h4 Kf7 53. g3 Kf6 54. Kh6 Bc5 55. h5 gxh5 56. Kxh5 Bb6 57. Kh4 Kg6 58. g4 fxg4 59. Kxg4 Kf6 60. a7 Bxa7 61. f5 Bb6 62. Kf3 Kxf5 1/2-1/2

[Event "North American-ch U20"]
[Site "Calgary CAN"]
[Date "2024.08.17"]
[Round "8.2"]
[White "Vettese, Nicholas"]
[Black "Colville, Julian"]
[Result "1/2-1/2"]
[WhiteElo "2333"]
[BlackElo "2067"]
[PlyCount "99"]
[GameId "2160767905784338"]
[EventDate "2024.08.14"]
[EventType "swiss"]
[EventRounds "9"]
[EventCountry "CAN"]
[SourceTitle "The Week in Chess 1554"]
[Source "Mark Crowther"]
[SourceDate "2024.08.19"]
[SourceVersion "2"]
[SourceVersionDate "2024.08.19"]
[SourceQuality "2"]

1. e4 c5 2. Nf3 d6 3. d4 cxd4 4. Nxd4 Nf6 5. Nc3 g6 6. Be3 Nc6 7. f3 h5 8. Qd2 Nxd4 9. Bxd4 Bh6 10. Bb5+ Bd7 11. Qd3 Bc6 12. Nd5 e5 13. Nxf6+ Qxf6 14. Bf2 O-O 15. O-O Rfd8 16. Bc4 h4 17. Rad1 h3 18. g3 b5 19. Bb3 Rd7 20. Be3 Bxe3+ 21. Qxe3 Rc8 22. Qh6 d5 23. exd5 Rcd8 24. Qxh3 Bxd5 25. Rxd5 Rxd5 26. Bxd5 Rxd5 27. Qc8+ Kg7 28. Rf2 Qb6 29. Kg2 Qe3 30. Qg4 Rd2 31. Rxd2 Qxd2+ 32. Kh3 Qxc2 33. Qd7 Qxb2 34. Qxa7 Qe2 35. Qe7 Qf1+ 36. Kg4 Qe2 37. Kh3 Qf1+ 38. Kh4 Qc4+ 39. Kg5 Qc1+ 40. f4 exf4 41. Qe5+ Kh7 42. gxf4 Qc6 43. Kh4 Qc2 44. f5 Qxa2 45. fxg6+ Kxg6 46. Qg5+ Kh7 47. Qh5+ Kg7 48. Qg5+ Kh7 49. Qh5+ Kg7 50. Qg5+ 1/2-1/2

[Event "North American-ch U20"]
[Site "Calgary CAN"]
[Date "2024.08.18"]
[Round "9.2"]
[White "Narayanan, Samrug"]
[Black "Vettese, Nicholas"]
[Result "1-0"]
[WhiteElo "2389"]
[BlackElo "2333"]
[PlyCount "65"]
[GameId "2160767905784344"]
[EventDate "2024.08.14"]
[EventType "swiss"]
[EventRounds "9"]
[EventCountry "CAN"]
[SourceTitle "The Week in Chess 1554"]
[Source "Mark Crowther"]
[SourceDate "2024.08.19"]
[SourceVersion "2"]
[SourceVersionDate "2024.08.19"]
[SourceQuality "2"]

1. e4 e5 2. Nf3 Nc6 3. Bb5 Nf6 4. d3 Bc5 5. Nbd2 d6 6. c3 O-O 7. O-O a6 8. Ba4 Ba7 9. h3 Ne7 10. Re1 Ng6 11. Nf1 Nh5 12. Bg5 f6 13. Be3 Nhf4 14. d4 Kh8 15. Ng3 c6 16. Bc2 Be6 17. Ne2 Nh5 18. g4 Nhf4 19. Bxf4 exf4 20. Qd2 Qd7 21. Nxf4 Bxg4 22. Nxg6+ hxg6 23. hxg4 Qxg4+ 24. Kh2 d5 25. Rg1 Qe6 26. e5 fxe5 27. Rxg6 Rf6 28. Nxe5 Raf8 29. f4 Kg8 30. Rag1 Rxg6 31. Rxg6 Qe7 32. Rg4 c5 33. Qd3 1-0

[Event "Maplewood Pro Cup"]
[Site "Montreal CAN"]
[Date "2024.05.31"]
[Round "1.9"]
[White "Vettese, Nicholas"]
[Black "Gao, Heye"]
[Result "1-0"]
[WhiteElo "2247"]
[BlackElo "1908"]
[PlyCount "83"]
[GameId "2160767905935017"]
[EventDate "2024.05.31"]
[EventType "swiss"]
[EventRounds "6"]
[EventCountry "CAN"]

1. e4 e5 2. Nf3 Nc6 3. d4 exd4 4. Nxd4 Nf6 5. Nc3 Bb4 6. Nxc6 bxc6 7. Bd3 d5 8. exd5 cxd5 9. O-O O-O 10. Bg5 c6 11. h3 h6 12. Bh4 Be6 13. Qf3 Be7 14. Rfe1 Rb8 15. Ne2 Rxb2 16. Nd4 Qd7 17. Bf5 Bxf5 18. Nxf5 Bd8 19. Nxh6+ Kh7 20. Qa3 Ba5 21. Qxf8 Bb4 22. Qxf7 Bxe1 23. Rxe1 Qxf7 24. Nxf7 Rxc2 25. Ng5+ Kg6 26. g4 d4 27. f4 d3 28. f5+ Kh6 29. Nf3 Kh7 30. Rd1 Ne4 31. Rxd3 Rxa2 32. Ng5+ Nxg5 33. Bxg5 Rb2 34. Rd7 Kg8 35. Rxa7 Rb3 36. Kg2 Rb8 37. Rc7 Rf8 38. Rxc6 Rf7 39. Bf4 Rf8 40. Kf3 Rf7 41. Be5 Rf8 42. Rc7 1-0

[Event "Maplewood Pro Cup"]
[Site "Montreal CAN"]
[Date "2024.06.01"]
[Round "2.9"]
[White "Dudko, Andrii"]
[Black "Vettese, Nicholas"]
[Result "0-1"]
[WhiteElo "1727"]
[BlackElo "2247"]
[PlyCount "104"]
[GameId "2160767905935037"]
[EventDate "2024.05.31"]
[EventType "swiss"]
[EventRounds "6"]
[EventCountry "CAN"]

1. e4 e6 2. d4 d5 3. e5 c5 4. c3 Nc6 5. Nf3 Qb6 6. a3 c4 7. Nbd2 Na5 8. Rb1 Bd7 9. b4 cxb3 10. Nxb3 Ba4 11. Nxa5 Bxd1 12. Rxb6 axb6 13. Bb5+ Ke7 14. Kxd1 Rxa5 15. a4 Kd8 16. Kc2 h6 17. Bd2 Ra8 18. h4 Ne7 19. Ne1 Nc6 20. f4 Be7 21. h5 Kc7 22. g4 Na5 23. Nd3 Nc4 24. Bc1 Ba3 25. Kb3 Bxc1 26. Rxc1 Na5+ 27. Kb2 Nc6 28. f5 Na7 29. fxe6 Nxb5 30. axb5 fxe6 31. Nf4 Rhe8 32. Ng6 Ra5 33. Rf1 Rxb5+ 34. Kc2 Kb8 35. Rf7 Ra5 36. Ne7 Ra2+ 37. Kd3 Rg2 38. Rxg7 Rf8 39. Ke3 Rg3+ 40. Ke2 Rf4 41. Rg8+ Ka7 42. Nc8+ Ka6 43. Nd6 b5 44. Rg6 Rg2+ 45. Ke3 Rgf2 46. Rf6 R2f3+ 47. Ke2 Rxf6 48. exf6 Rxf6 49. Ke3 Rf8 50. g5 hxg5 51. h6 g4 52. h7 g3 0-1

[Event "Maplewood Pro Cup"]
[Site "Montreal CAN"]
[Date "2024.06.01"]
[Round "3.4"]
[White "Vettese, Nicholas"]
[Black "Han, Johnathan"]
[Result "1-0"]
[WhiteElo "2247"]
[BlackElo "2329"]
[PlyCount "69"]
[GameId "2160767905935055"]
[EventDate "2024.05.31"]
[EventType "swiss"]
[EventRounds "6"]
[EventCountry "CAN"]

1. e4 c5 2. Nf3 d6 3. d4 cxd4 4. Nxd4 Nf6 5. Nc3 a6 6. h3 e5 7. Nde2 h5 8. g3 Be6 9. Bg2 Be7 10. O-O b5 11. a4 b4 12. Nd5 Nxd5 13. exd5 Bf5 14. f4 exf4 15. Nxf4 O-O 16. Nxh5 Bg6 17. Nf4 Bh7 18. Qg4 Qc8 19. Ne6 fxe6 20. Bh6 Rxf1+ 21. Rxf1 Bf8 22. dxe6 Ra7 23. Kh2 Qe8 24. Bd5 Kh8 25. Qf4 gxh6 26. Qxf8+ Qxf8 27. Rxf8+ Kg7 28. Rxb8 Rc7 29. Rxb4 Rxc2+ 30. Kg1 Bg6 31. Rg4 Re2 32. Bc4 Re5 33. Bd3 Rxe6 34. b4 h5 35. Rxg6+ 1-0

[Event "Maplewood Pro Cup"]
[Site "Montreal CAN"]
[Date "2024.06.01"]
[Round "4.1"]
[White "Noritsyn, Nikolay"]
[Black "Vettese, Nicholas"]
[Result "1-0"]
[WhiteElo "2450"]
[BlackElo "2247"]
[PlyCount "89"]
[GameId "2160767905935075"]
[EventDate "2024.05.31"]
[EventType "swiss"]
[EventRounds "6"]
[EventCountry "CAN"]

1. e4 c5 2. Nf3 d6 3. d4 cxd4 4. Nxd4 Nf6 5. Nc3 a6 6. Be3 e6 7. a3 b5 8. g4 Bb7 9. Bg2 Nfd7 10. g5 Nc6 11. h4 Be7 12. f4 Na5 13. f5 e5 14. f6 gxf6 15. Nf5 Nc4 16. Bc1 fxg5 17. hxg5 Rg8 18. b3 Qa5 19. Rh3 b4 20. bxc4 bxc3 21. Rb1 Bc6 22. Be3 Qc7 23. Rxh7 Nf8 24. Rg7 Rh8 25. Qf3 O-O-O 26. Bb6 Qb7 27. Rxf7 Ng6 28. Nxe7+ Nxe7 29. Qf6 Rde8 30. Qxd6 Qd7 31. Bc5 Qxd6 32. Bxd6 Rh2 33. Bf3 Kd7 34. Rd1 Rd2 35. c5 Rxd1+ 36. Kxd1 Ba4 37. Bh5 Rh8 38. Bg4+ Kc6 39. Rxe7 Rh1+ 40. Ke2 Rh2+ 41. Ke3 Bxc2 42. Bd7+ Kb7 43. Bb5+ Kc8 44. Bxa6+ Kd8 45. c6 1-0

[Event "Maplewood Pro Cup"]
[Site "Montreal CAN"]
[Date "2024.06.02"]
[Round "5.4"]
[White "Vettese, Nicholas"]
[Black "Genzling, Jerome"]
[Result "1-0"]
[WhiteElo "2247"]
[BlackElo "1989"]
[PlyCount "59"]
[GameId "2160767905935099"]
[EventDate "2024.05.31"]
[EventType "swiss"]
[EventRounds "6"]
[EventCountry "CAN"]

1. e4 c5 2. Nf3 Nc6 3. Nc3 g6 4. d4 cxd4 5. Nxd4 Bg7 6. Be3 Nf6 7. Nb3 d6 8. Be2 O-O 9. g4 Be6 10. f4 Qc8 11. g5 Nd7 12. h4 Nc5 13. Nd4 Bd7 14. h5 Ne6 15. Nb3 Nc5 16. hxg6 hxg6 17. Qd2 Rd8 18. O-O-O a5 19. Nd4 e5 20. Ndb5 exf4 21. Bxf4 Be6 22. Nxd6 Qd7 23. Qe3 b6 24. Nf5 Bxf5 25. Rxd7 Bxd7 26. Nd5 Be6 27. Nf6+ Kf8 28. Bc7 Rd4 29. Qxd4 Nxd4 30. Bd6# 1-0

[Event "Ontario op"]
[Site "Toronto CAN"]
[Date "2024.05.18"]
[Round "1.5"]
[White "Yang, Lefan"]
[Black "Vettese, Nicholas"]
[Result "0-1"]
[WhiteElo "1934"]
[BlackElo "2247"]
[PlyCount "80"]
[GameId "2160767905935255"]
[EventDate "2024.05.18"]
[EventType "swiss"]
[EventRounds "6"]
[EventCountry "CAN"]
[SourceTitle "10 Days #760"]
[Source "ChessMix"]
[SourceDate "2024.06.01"]
[SourceVersion "1"]
[SourceVersionDate "2024.06.01"]
[SourceQuality "1"]

1. c4 e5 2. Nc3 Bb4 3. Nd5 Bc5 4. Nf3 c6 5. Nc3 d6 6. d4 exd4 7. Nxd4 Nf6 8. e3 O-O 9. Be2 d5 10. O-O dxc4 11. Bxc4 Nbd7 12. a3 Qc7 13. b4 Bd6 14. f4 a5 15. bxa5 Qxa5 16. Bb2 Bc5 17. Kh1 Ba7 18. Nb3 Qc7 19. e4 Nb6 20. Be2 Be6 21. Nd4 Bc4 22. e5 Nfd5 23. Nxd5 Bxd5 24. Qc2 g6 25. Nb5 Qd8 26. Nd6 Qh4 27. e6 Bxe6 28. f5 Bb8 29. Qc3 f6 30. g3 Bd5+ 31. Bf3 Qg4 32. Bxd5+ Nxd5 33. Qc5 Rd8 34. Qc4 Qxc4 35. Nxc4 b5 36. Nd2 Ne3 37. Rf2 gxf5 38. Bxf6 Ng4 39. Bxd8 Nxf2+ 40. Kg2 Be5 0-1

[Event "Ontario op"]
[Site "Toronto CAN"]
[Date "2024.05.18"]
[Round "2.5"]
[White "Vettese, Nicholas"]
[Black "Filipovich, David"]
[Result "1-0"]
[WhiteElo "2247"]
[BlackElo "1949"]
[PlyCount "53"]
[GameId "2160767905935273"]
[EventDate "2024.05.18"]
[EventType "swiss"]
[EventRounds "6"]
[EventCountry "CAN"]
[SourceTitle "10 Days #760"]
[Source "ChessMix"]
[SourceDate "2024.06.01"]
[SourceVersion "1"]
[SourceVersionDate "2024.06.01"]
[SourceQuality "1"]

1. e4 c6 2. d4 d5 3. Nc3 g6 4. Nf3 Bg4 5. Bd3 Bg7 6. O-O dxe4 7. Nxe4 Nd7 8. Re1 Qc7 9. h3 Bxf3 10. Qxf3 Bxd4 11. Bc4 Ne5 12. Qg3 O-O-O 13. Bf4 Nf6 14. c3 Nh5 15. cxd4 Nxg3 16. Bxe5 Qb6 17. Bxg3 Qxd4 18. Bxf7 b6 19. Ng5 Qf6 20. h4 Rd2 21. Be6+ Kb7 22. Ne4 Qxb2 23. Nxd2 Qxd2 24. Bg4 Re8 25. a4 Qd4 26. Bf3 e5 27. Be4 1-0

[Event "Ontario op"]
[Site "Toronto CAN"]
[Date "2024.05.19"]
[Round "3.2"]
[White "Sambuev, Bator"]
[Black "Vettese, Nicholas"]
[Result "0-1"]
[WhiteElo "2455"]
[BlackElo "2247"]
[PlyCount "80"]
[GameId "2160767905935286"]
[EventDate "2024.05.18"]
[EventType "swiss"]
[EventRounds "6"]
[EventCountry "CAN"]
[SourceTitle "10 Days #760"]
[Source "ChessMix"]
[SourceDate "2024.06.01"]
[SourceVersion "1"]
[SourceVersionDate "2024.06.01"]
[SourceQuality "1"]

1. d4 d5 2. c4 c6 3. Nf3 Nf6 4. e3 g6 5. Nc3 Bg7 6. Bd3 O-O 7. O-O Nbd7 8. Qe2 dxc4 9. Bxc4 c5 10. d5 Nb6 11. Bb3 c4 12. Bxc4 Nxc4 13. Qxc4 a6 14. e4 b5 15. Qb3 a5 16. e5 a4 17. Qd1 Ng4 18. Bf4 b4 19. Nxa4 Ra5 20. h3 Rxd5 21. Qb3 Rd3 22. Qxb4 Rxf3 23. gxf3 Nxe5 24. Bxe5 Bxe5 25. Rfe1 Bd6 26. Qh4 Bb7 27. Re3 g5 28. Qh5 Bf4 29. Rb3 Bc6 30. Nc3 Kh8 31. Rd1 Qa8 32. Rd3 f5 33. Rb4 Be8 34. Qh6 Rf6 35. Qxf6+ exf6 36. Rbd4 Kg7 37. Rd8 Qc6 38. Nd5 Qc1+ 39. Kg2 Bb5 40. Rd1 Qxd1 0-1

[Event "Ontario op"]
[Site "Toronto CAN"]
[Date "2024.05.19"]
[Round "4.1"]
[White "Vettese, Nicholas"]
[Black "Razin, Vadim"]
[Result "1/2-1/2"]
[WhiteElo "2247"]
[BlackElo "2361"]
[PlyCount "84"]
[GameId "2160767905935301"]
[EventDate "2024.05.18"]
[EventType "swiss"]
[EventRounds "6"]
[EventCountry "CAN"]
[SourceTitle "10 Days #760"]
[Source "ChessMix"]
[SourceDate "2024.06.01"]
[SourceVersion "1"]
[SourceVersionDate "2024.06.01"]
[SourceQuality "1"]

1. e4 e6 2. d4 d5 3. Nd2 Nf6 4. e5 Nfd7 5. c3 c5 6. f4 Nc6 7. Ndf3 Qb6 8. a3 a5 9. a4 cxd4 10. cxd4 Bb4+ 11. Kf2 f6 12. Be3 O-O 13. g3 Be7 14. Qd2 Qb4 15. Qxb4 Nxb4 16. Rc1 Nb6 17. b3 Bd7 18. Be2 Rfc8 19. Nh3 Na2 20. Ra1 Nc3 21. Rhc1 Rc7 22. Bd3 Rac8 23. Kg2 Bb4 24. f5 exf5 25. exf6 gxf6 26. Nf4 Kf7 27. Nh4 Ne4 28. Rxc7 Rxc7 29. Rc1 Rxc1 30. Bxc1 Be6 31. Kf3 Nc8 32. Nhg2 Ne7 33. Bb5 Nc6 34. Ke3 Ke7 35. Nd3 Na7 36. Nxb4 Nxb5 37. axb5 axb4 38. Bd2 Nxd2 39. Kxd2 b6 40. Nf4 Bf7 41. Nd3 Be8 42. Nxb4 Kd6 1/2-1/2

[Event "Ontario op"]
[Site "Toronto CAN"]
[Date "2024.05.20"]
[Round "5.2"]
[White "Joseph Benher, Savio"]
[Black "Vettese, Nicholas"]
[Result "1/2-1/2"]
[WhiteElo "2044"]
[BlackElo "2247"]
[PlyCount "136"]
[GameId "2160767905935314"]
[EventDate "2024.05.18"]
[EventType "swiss"]
[EventRounds "6"]
[EventCountry "CAN"]
[SourceTitle "10 Days #760"]
[Source "ChessMix"]
[SourceDate "2024.06.01"]
[SourceVersion "1"]
[SourceVersionDate "2024.06.01"]
[SourceQuality "1"]

1. e4 c5 2. Nf3 e6 3. d4 cxd4 4. Nxd4 Nc6 5. Nc3 Qc7 6. Be2 a6 7. Nxc6 bxc6 8. Qd3 Bd6 9. h3 Ne7 10. O-O Ng6 11. g3 e5 12. Na4 Be7 13. c4 O-O 14. c5 a5 15. Qc2 Rb8 16. Be3 d5 17. cxd6 Bxd6 18. h4 f5 19. exf5 Bxf5 20. Qc4+ Kh8 21. Bc5 e4 22. Bxd6 Qxd6 23. Rad1 Qf6 24. Qd4 Ne5 25. Qd6 Be6 26. Nc5 Bd5 27. Qxf6 gxf6 28. b3 f5 29. Rd4 Rg8 30. Rfd1 Rbe8 31. Kf1 Rg7 32. Na4 f4 33. gxf4 Reg8 34. Ke1 Ng6 35. Nc3 Nxf4 36. Nxe4 Re7 37. f3 Rg2 38. R1d2 Rh2 39. Kd1 Rxh4 40. Ba6 Rh3 41. Ng5 Rh1+ 42. Kc2 Nh5 43. Bc4 Nf6 44. Rf4 Nh5 45. Rf8+ Kg7 46. Ra8 Nf4 47. Rxa5 Rh5 48. Rd4 Ng6 49. f4 h6 50. Bxd5 Rh2+ 51. Rd2 Rxd2+ 52. Kxd2 cxd5 53. f5 hxg5 54. fxg6 Re5 55. Ra6 g4 56. Ra4 Rg5 57. Ke2 g3 58. Kf1 Kxg6 59. Rd4 Kf6 60. b4 Ke5 61. Rd2 d4 62. b5 Ke4 63. Rb2 d3 64. b6 Rh5 65. Kg1 Rh8 66. a4 Ke3 67. a5 d2 68. Rxd2 Kf4 1/2-1/2

[Event "Ontario op"]
[Site "Toronto CAN"]
[Date "2024.05.20"]
[Round "6.2"]
[White "Vettese, Nicholas"]
[Black "Stevens, Christian"]
[Result "1-0"]
[WhiteElo "2247"]
[BlackElo "2252"]
[PlyCount "49"]
[GameId "2160767905935326"]
[EventDate "2024.05.18"]
[EventType "swiss"]
[EventRounds "6"]
[EventCountry "CAN"]
[SourceTitle "10 Days #760"]
[Source "ChessMix"]
[SourceDate "2024.06.01"]
[SourceVersion "1"]
[SourceVersionDate "2024.06.01"]
[SourceQuality "1"]

1. e4 c5 2. Nf3 e6 3. d4 cxd4 4. Nxd4 a6 5. Bd3 Bc5 6. Nb3 Be7 7. Qg4 g6 8. Qe2 Qc7 9. h4 h5 10. Bg5 d6 11. Bxe7 Qxe7 12. Nc3 Nf6 13. O-O-O Nc6 14. Qe3 b5 15. Be2 Bb7 16. f4 b4 17. Na4 Kf8 18. Nb6 Rd8 19. e5 dxe5 20. Rxd8+ Nxd8 21. Qxe5 Bxg2 22. Rg1 Bd5 23. Nc8 Nc6 24. Nxe7 Nxe5 25. Nxd5 1-0

[Event "Candidates Rapid"]
[Site "Toronto CAN"]
[Date "2024.04.16"]
[Round "5.5"]
[White "Suresh, Abhinav"]
[Black "Vettese, Nicholas"]
[Result "0-1"]
[WhiteElo "1901"]
[BlackElo "2348"]
[PlyCount "54"]
[GameId "2160767905997778"]
[EventDate "2024.04.16"]
[EventType "swiss (rapid)"]
[EventRounds "6"]
[EventCountry "CAN"]
[SourceTitle "The Week in Chess 1569"]
[Source "Mark Crowther"]
[SourceDate "2024.12.02"]
[SourceVersion "1"]
[SourceVersionDate "2024.12.02"]
[SourceQuality "2"]

1. e4 c5 2. Nf3 d6 3. Bb5+ Nd7 4. O-O a6 5. Bd3 Ngf6 6. Re1 b5 7. c4 Bb7 8. Nc3 b4 9. Nd5 e6 10. Nxf6+ gxf6 11. Bc2 Ne5 12. Nxe5 fxe5 13. Ba4+ Ke7 14. d3 h5 15. Bg5+ f6 16. Bh4 Bh6 17. Qxh5 Qg8 18. Qf3 Rf8 19. a3 Bd2 20. Re2 Rxh4 21. Rxd2 f5 22. axb4 fxe4 23. Qg3 Rg4 24. Qh3 e3 25. fxe3 Rf3 26. Qh6 Rf6 27. Qh3 Rh6 0-1

[Event "Candidates Rapid"]
[Site "Toronto CAN"]
[Date "2024.04.16"]
[Round "6.4"]
[White "Vettese, Nicholas"]
[Black "Guo, Anni"]
[Result "1-0"]
[WhiteElo "2348"]
[BlackElo "1787"]
[PlyCount "45"]
[GameId "2160767905997784"]
[EventDate "2024.04.16"]
[EventType "swiss (rapid)"]
[EventRounds "6"]
[EventCountry "CAN"]
[SourceTitle "The Week in Chess 1569"]
[Source "Mark Crowther"]
[SourceDate "2024.12.02"]
[SourceVersion "1"]
[SourceVersionDate "2024.12.02"]
[SourceQuality "2"]

1. e4 b6 2. d4 Bb7 3. Bd3 e6 4. Nf3 h6 5. O-O d5 6. e5 c5 7. c3 a6 8. Be3 Nd7 9. Nbd2 Ne7 10. Re1 g6 11. Nf1 Bg7 12. Qd2 Qc7 13. Ng3 b5 14. a4 Qc6 15. axb5 axb5 16. Rxa8+ Bxa8 17. dxc5 Nxc5 18. Nd4 Qb6 19. Nxb5 O-O 20. b4 Nb3 21. Bxb6 Nxd2 22. Bc5 Re8 23. Nc7 1-0